000 00446nam a2200181Ia 4500
001 2154
005 20260306143821.0
008 260306t2008||||xx |||||||||||||| ||spa||
041 _aESP
082 _a615.8515
_bA32
100 _aAguado, Roberto
_eAUT
245 0 _aManual práctico de terapia de interacción reciproca
260 _c2008
300 _a347 páginas :
_c23 cm.
650 _aGEN
654 _aCPS
942 _cLIB
_dJUS
_fJUS
_2ddc
_n
999 _c2154
_d2154